Spanish Nationalities (Las Nacionalidades) - Statistics

General Stats
  • This quiz has been taken 77 times
  • The average score is 14 of 21
Answer Stats
Hint Answer % Correct
Argentina argentino (a)
92%
Bolivia boliviano (a)
89%
Colombia colombiano (a)
89%
Cuba cubano (a)
89%
México mexicano (a)
89%
Chile chileno (a)
84%
España español, española
84%
República Dominicana dominicano (a)
74%
Honduras hondureño (a)
66%
Panamá panameño (a)
66%
Paraguay paraguayo (a)
66%
El Salvador salvadoreño (a)
66%
Nicaragua nicaragüense
63%
Guatemala guatemalteco (a)
61%
Perú peruano (a)
61%
Uruguay uruguayo (a)
61%
Venezuela venezolano (a)
53%
Ecuador ecuatoriano (a)
50%
Costa Rica costarricense
45%
Estados Unidos (United States) estadounidense
42%
Puerto Rico puertorriqueño (a)
32%
No matching quizzes found
Score Distribution
Percent of People with Each Score
Percentile by Number Answered
Your Score History
You have not taken this quiz